[Event "Visma IMB 2013"]
[Site "Vaxjo SWE"]
[Date "2013.06.28"]
[Round "4.3"]
[White "Olofsson-Dolk,Mattis"]
[Black "Kockum,A"]
[Result "0-1"]
[WhiteElo "2093"]
[BlackElo "2346"]

1.e4 c5 2.Nf3 Nc6 3.Bb5 g6 4.O-O Bg7 5.c3 Nf6 6.d4 cxd4 7.cxd4 Nxe4 8.d5 Nd6
9.Na3 a6 10.Bd3 Nb4 11.Nc4 O-O 12.Nxd6 exd6 13.Bc4 b5 14.Bb3 a5 15.a3 Na6
16.Bg5 Qb6 17.Be3 Nc5 18.Bd4 Ba6 19.Bxg7 Kxg7 20.Qd4+ f6 21.Rfe1 Rae8 22.Nd2 Qb8
23.Bc2 b4 24.axb4 Qxb4 25.Qxb4 axb4 26.h4 f5 27.Nb3 Rxe1+ 28.Rxe1 Bc4 29.Nxc5 dxc5
30.d6 Be6 31.Ba4 Kf6 32.Rc1 c4 33.Kf1 Ke5 34.Bb5 Rc8 35.Ke2 Rc5 36.Ba6 Kxd6  0-1

[Event "TCh-MNE Prem 2013"]
[Site "Cetinje MNE"]
[Date "2013.06.29"]
[Round "6.6"]
[White "Savovic,D"]
[Black "Cerovic,Z"]
[Result "0-1"]
[WhiteElo "2227"]
[BlackElo "2131"]

1.e4 c5 2.Nf3 Nc6 3.Bb5 g6 4.O-O Bg7 5.Re1 Nd4 6.Nxd4 cxd4 7.d3 Nf6 8.e5 Nd5
9.Bc4 Nc7 10.Nd2 b5 11.Bb3 Bb7 12.Ne4 O-O 13.f4 Ne6 14.Qf3 Qc7 15.Bd2 a5
16.a4 b4 17.Bc4 Kh8 18.Qf2 Rad8 19.Qh4 f6 20.f5 gxf5 21.exf6 fxe4 22.fxg7+ Nxg7
23.Bg5 Nf5 24.Qh3 e3 25.Re2 Qc6 26.Rf1 Qg6 27.Bf4 d6 28.c3 e5 29.Bg3 Nxg3
30.Qxg3 Qxg3 31.hxg3 Rxf1+ 32.Kxf1 d5 33.Bb3 bxc3 34.bxc3  0-1

[Event "Mukachevo Summer"]
[Site "Mukachevo UKR"]
[Date "2013.06.29"]
[Round "8.3"]
[White "Zubov,A UKR"]
[Black "Skliarov,V"]
[Result "1-0"]
[WhiteElo "2591"]
[BlackElo "2326"]

1.e4 c5 2.Nf3 Nc6 3.Bb5 e6 4.O-O Nge7 5.Re1 a6 6.Bf1 g6 7.d4 cxd4 8.Nxd4 Bg7
9.Nxc6 Nxc6 10.c4 d6 11.Nc3 O-O 12.Be3 Qc7 13.Rc1 Bd7 14.Re2 f5 15.exf5 gxf5
16.f4 Be8 17.Rd2 Rd8 18.Na4 Qe7 19.Nb6 Bf7 20.Qf3 Kh8 21.Rcd1 Rfe8 22.Qf2 Bg6
23.a3 e5 24.Nd5 Qf7 25.Bb6 Rc8 26.b4 Nd4 27.a4 Qg8 28.a5 Bf7 29.Ne3 Be6 30.Kh1 Qf7
31.Bd3 Rf8 32.Bf1 Rfe8 33.Kg1 Rg8 34.Bxd4 exd4 35.Rxd4 Bxd4 36.Rxd4 Rcd8
37.Qd2 Qe7 38.Be2 Rgf8 39.Bf3 Rfe8 40.g3 Rf8 41.Kf2 Rfe8 42.Bg2 Rf8 43.Qd3 Qc7
44.Bh3 b6 45.Bxf5 Bxf5 46.Nxf5 Rf6 47.axb6 Qxb6 48.c5 Qc6 49.Nxd6 Qh1 50.Nf7+ Kg7
51.Nxd8 Qxh2+ 52.Ke1 Qg2 53.Rd7+ Kf8 54.Rd6  1-0

[Event "11th Niki Open 2013"]
[Site "Nachod CZE"]
[Date "2013.06.29"]
[Round "1.4"]
[White "Voloshin,L"]
[Black "Gorecki,J"]
[Result "1-0"]
[WhiteElo "2427"]
[BlackElo "1898"]

1.e4 c5 2.Nf3 Nc6 3.Bb5 a6 4.Bxc6 dxc6 5.h3 e5 6.d3 Bd6 7.Be3 h6 8.Nbd2 Be6
9.O-O Ne7 10.c3 O-O 11.d4 cxd4 12.cxd4 exd4 13.Nxd4 Qd7 14.Nxe6 Qxe6 15.Qb3 Qe5
16.f4 Qb5 17.a4 Qxb3 18.Nxb3 f5 19.Rfd1 Bb4 20.a5 Rad8 21.e5 Rxd1+ 22.Rxd1 Nd5
23.Kf2 Re8 24.Kf3 g6 25.Bc5 Bxc5 26.Nxc5 Re7 27.Rd3 g5 28.g3 h5 29.Rb3 gxf4
30.gxf4 Rg7 31.Rxb7 Rg1 32.Nxa6 Rf1+ 33.Ke2 Rxf4 34.Nc5 Rc4 35.a6 Rxc5 36.a7 Ra5
37.Rb8+ Kg7 38.a8=Q Rxa8 39.Rxa8 Nf4+ 40.Ke3 Nxh3 41.Rc8 Kg6 42.Rxc6+ Kg5
43.b4 Nf4 44.b5 h4 45.b6 Nd5+ 46.Kf3 Ne7 47.Rc5  1-0

[Event "11th Niki Open 2013"]
[Site "Nachod CZE"]
[Date "2013.06.29"]
[Round "1.24"]
[White "Vrnata,J"]
[Black "Palla,R"]
[Result "1-0"]
[WhiteElo "2042"]
[BlackElo "1719"]

1.e4 c5 2.Nf3 Nc6 3.Bb5 Nf6 4.Bxc6 dxc6 5.d3 g6 6.b3 Bg7 7.Bb2 O-O 8.Nbd2 Qc7
9.O-O b5 10.a4 a5 11.Ra2 Rd8 12.Qa1 Ne8 13.e5 e6 14.Bc3 b4 15.Bb2 Ba6 16.Qe1 Bf8
17.Ne4 Rd5 18.Qe3 Rad8 19.h4 Bxd3 20.cxd3 Rxd3 21.Qc1 Qe7 22.Qc4 R3d5 23.Bc1 h6
24.Rc2 f5 25.exf6 Nxf6 26.Nxf6+ Qxf6 27.Bb2 Qf5 28.Re2 Re8 29.Rfe1 Bg7 30.Bxg7 Kxg7
31.Re5 Qf8 32.Qg4 Rd3 33.h5 g5 34.Qe4 Rxb3 35.Qg6+ Kh8 36.Rf5 Qg8 37.Qxh6+  1-0

[Event "22nd Anderssen Mem Eliminacje"]
[Site "Wroclaw POL"]
[Date "2013.06.29"]
[Round "1"]
[White "Jaracz,P"]
[Black "Domaradzka Zyla,A"]
[Result "1-0"]
[WhiteElo "2531"]
[BlackElo "2017"]

1.e4 c5 2.Nf3 Nc6 3.Bb5 g6 4.Bxc6 bxc6 5.O-O Bg7 6.c3 e6 7.d4 cxd4 8.cxd4 d5
9.e5 Ne7 10.Nc3 O-O 11.b3 f6 12.exf6 Bxf6 13.Bh6 Bg7 14.Bxg7 Kxg7 15.Re1 Nf5
16.Na4 Qf6 17.Qd2 Nd6 18.Nc5 Nb5 19.Re3 Re8 20.Rae1 a6 21.Ne5 Na7 22.Rf3 Qh4
23.Rh3 Qe7 24.Nxg6  1-0

[Event "22nd Anderssen Mem Eliminacje"]
[Site "Wroclaw POL"]
[Date "2013.06.29"]
[Round "5"]
[White "Tworzydlo,P"]
[Black "Markowski,P"]
[Result "1-0"]
[WhiteElo "2153"]
[BlackElo "2139"]

1.e4 c5 2.Nf3 Nc6 3.Bb5 e6 4.Bxc6 bxc6 5.d3 Ne7 6.O-O Ng6 7.Nc3 e5 8.Ne2 Be7
9.Ng3 O-O 10.Be3 Rb8 11.Qc1 d6 12.c3 Be6 13.d4 cxd4 14.cxd4 Qa5 15.b3 Rbc8
16.dxe5 Nxe5 17.Nd4 c5 18.Ndf5 Bf6 19.Nh5 Qd8 20.Nxf6+ Qxf6 21.Nxd6 Rc6 22.Nb5 Qh4
23.Qc2 Nf3+ 24.gxf3 Bh3 25.Kh1 Qh5 26.Qe2  1-0

[Event "22nd Anderssen Mem Eliminacje"]
[Site "Wroclaw POL"]
[Date "2013.06.29"]
[Round "6"]
[White "Jaracz,P"]
[Black "Lercel,M"]
[Result "1-0"]
[WhiteElo "2531"]
[BlackElo "2160"]

1.e4 c5 2.Nf3 Nc6 3.Bb5 d6 4.O-O Bd7 5.Re1 a6 6.Bxc6 Bxc6 7.d4 Nf6 8.d5 Bd7
9.c4 e5 10.dxe6 Bxe6 11.b3 Be7 12.Nc3 O-O 13.Bf4 b5 14.cxb5 axb5 15.Nxb5 Qb6
16.Nc3 Qb4 17.Bd2 Qb6 18.h3 Rfd8 19.Ng5 Bc8 20.Qc2 h6 21.Nf3 Be6 22.Bf4 Qb4
23.Bd2 Qb6 24.Rab1 Ra3 25.Na4 Qc6 26.Nd4 Rxa2 27.Qxa2 cxd4 28.Qb2 Nxe4 29.Qxd4 d5
30.Be3 Bf6 31.Qb6 Qxb6 32.Bxb6 Rb8 33.f3 Nc3 34.Nxc3 Bxc3 35.Bf2 Bxe1 36.Bxe1 Kf8
37.b4 Ke7 38.Bf2 Kd6 39.Bd4 f6 40.b5 Bc8 41.Rc1 Bd7 42.Bc5+ Ke6 43.Re1+ Kf5
44.b6 Bc6 45.g4+ Kf4 46.Bd6+  1-0

[Event "22nd Anderssen Mem Eliminacje"]
[Site "Wroclaw POL"]
[Date "2013.06.29"]
[Round "8"]
[White "Krokay,U"]
[Black "Urban,Marek"]
[Result "1-0"]
[WhiteElo "1876"]
[BlackElo "1842"]

1.e4 c5 2.Nf3 Nc6 3.Bb5 Qc7 4.O-O Ne5 5.c3 a6 6.Ba4 Ng6 7.d4 e5 8.dxe5 b5
9.Bc2 Nxe5 10.Bf4 Nxf3+ 11.Qxf3 Qc6 12.Qe2 Bb7 13.f3 Ne7 14.a4 Ng6 15.Bg3 Be7
16.f4 c4 17.f5 Bc5+ 18.Kh1 Nf8 19.e5 h5 20.Bh4 Qb6 21.a5 Qc6 22.Nd2 Be7 23.f6 Ng6
24.Bxg6 fxg6 25.fxe7 Qe6 26.Qf2 d5 27.exd6 Kd7 28.Nf3 Qf5 29.Bg3 g5 30.Ne5+  1-0

[Event "22nd Anderssen Mem Eliminacje"]
[Site "Wroclaw POL"]
[Date "2013.06.29"]
[Round "9"]
[White "Tworzydlo,P"]
[Black "Cukrowski,F"]
[Result "0-1"]
[WhiteElo "2153"]
[BlackElo "2178"]

1.e4 c5 2.Nf3 Nc6 3.Bb5 d6 4.O-O Nf6 5.Nc3 Bd7 6.a4 a6 7.Bc4 e6 8.d3 Be7
9.Re1 O-O 10.Bf4 Be8 11.e5 dxe5 12.Nxe5 Nxe5 13.Bxe5 Bc6 14.Qe2 Nd7 15.Bg3 Nb6
16.Bb3 Bf6 17.Be5 Nd5 18.Nxd5 exd5 19.Qg4 Re8 20.Qg3 Re6 21.Bxf6 Qxf6 22.Rxe6 Qxe6
23.f3 Re8 24.Qf2 c4 25.dxc4 dxc4 26.Ba2 Bxa4 27.c3 g6 28.Rf1 b5 29.Bb1 f5
30.Kh1 Qe2 31.Kg1 Qxf2+ 32.Kxf2 Kf7 33.Ba2 Kf6 34.Ra1 Bc2 35.Bb1 Ba4 36.Ba2 Rd8
37.Ke2 Bc2 38.Bb1 Bxb1 39.Rxb1 Rd6 40.Ra1 f4 41.g3 Ke5 42.Ra5 Re6 43.Ra1 g5
44.Kf2 Rd6 45.Ke2 Rh6 46.h4 fxg3 47.hxg5 Rh2+ 48.Ke3 Rxb2 49.Rxa6 g2 50.f4+ Kf5
51.Kf3 g1=N+ 52.Ke3 Re2+ 53.Kd4 Kxf4 54.g6 Nf3+ 55.Kc5 Re5+ 56.Kb4 hxg6 57.Rxg6 Ke3
58.Rg3 Rf5 59.Rg8 Kd3 60.Rg3 Kc2 61.Rg2+ Nd2 62.Rg3 Rd5 63.Rg2 Rd3 64.Kxb5 Rxc3
65.Kb4 Rb3+ 66.Ka4 Rb8 67.Rg7 c3 68.Ka3 Nc4+ 69.Ka4 Ne3 70.Ka3 Kc1 71.Rg1+ Nd1
72.Ka2 c2 73.Rg2 Ne3 74.Rh2 Kd1 75.Rh1+ Kd2  0-1

[Event "2nd Arberopen 2013"]
[Site "Bayerisch Eisenstein GER"]
[Date "2013.06.30"]
[Round "2.13"]
[White "Rausis,I"]
[Black "Sauer,Eric"]
[Result "1-0"]
[WhiteElo "2532"]
[BlackElo "1901"]

1.e4 c5 2.Nf3 Nc6 3.Bb5 e6 4.b3 Nge7 5.Bb2 a6 6.Bxc6 Nxc6 7.c4 d6 8.d4 cxd4
9.Nxd4 e5 10.Nxc6 bxc6 11.O-O Be6 12.c5 f6 13.cxd6 Bxd6 14.Qc2 Qb6 15.Rc1 Rc8
16.Ba3 Bxa3 17.Nxa3 O-O 18.Nc4 Bxc4 19.Qxc4+ Kh8 20.Qc5 Qxc5 21.Rxc5 Rfd8
22.Rac1 Kg8 23.h4 Rd6 24.Ra5 Ra8 25.Rc4 Kf7 26.Rca4 Rd1+ 27.Kh2 Rd4 28.Rxd4 exd4
29.Kg1 Ke6 30.Kf1 Kd6 31.Ke2 Kc7 32.Kd3 Kb6 33.b4 Rd8 34.f4 Rd7 35.g4 h6
36.h5 Rd8 37.a4 Rd6 38.e5 fxe5 39.fxe5 Rd8 40.e6 Re8 41.Re5 Kc7 42.Kxd4 Kd6
43.e7 Kd7 44.Kc5 Kc7 45.Re4 Kd7 46.Kb6 Kd6 47.Rd4+ Ke5 48.Rd1 Kf6 49.Re1 Kg5
50.Kxc6 Kxg4 51.Kd7 Rxe7+ 52.Rxe7 Kxh5 53.Rxg7  1-0

[Event "TCh-MNE Prem 2013"]
[Site "Cetinje MNE"]
[Date "2013.06.30"]
[Round "7.1"]
[White "Geler,A"]
[Black "Nikcevic,N"]
[Result "0-1"]
[WhiteElo "2220"]
[BlackElo "2458"]

1.e4 c5 2.Nf3 Nc6 3.Bb5 g6 4.O-O Bg7 5.Bxc6 bxc6 6.Re1 Nf6 7.e5 Nd5 8.d4 cxd4
9.Qxd4 d6 10.Qc4 Qc7 11.exd6 Qxd6 12.Nbd2 O-O 13.a3 Bf5 14.Nb3 Nb6 15.Qe2 Na4
16.Qxe7 Qxe7 17.Rxe7 c5 18.Be3 Bxb2 19.Ra2 Bf6 20.Rc7 Nc3 21.Ra1 Nd5 22.Rxc5 Nxe3
23.fxe3 Bxa1 24.Nxa1 Rfc8 25.Rxc8+ Rxc8 26.Nd4 Rb8 27.Nab3 Bxc2 28.Na5 Rb2
29.Nc4 Ra2 30.Nc6 Be4  0-1

[Event "IsBank TCh-TUR 2013"]
[Site "Denizli TUR"]
[Date "2013.06.30"]
[Round "2.8"]
[White "Mutlu,Beste"]
[Black "Durmaz,A"]
[Result "1-0"]
[WhiteElo "1645"]
[BlackElo "1795"]

1.e4 c5 2.Nf3 Nc6 3.Bb5 e6 4.O-O d6 5.c3 Nf6 6.Re1 a6 7.Ba4 b5 8.Bc2 c4 9.d4 cxd3
10.Bxd3 Bb7 11.Nbd2 Be7 12.Nb3 Nd7 13.Bf4 Nb6 14.Qc2 Rc8 15.Qe2 e5 16.Be3 Nb8
17.Nfd2 N8d7 18.Qg4 Bf6 19.Qe2 Be7 20.Qg4 Bf6 21.Qe2 Na4 22.Nf1 Nac5 23.Nxc5 dxc5
24.Ng3 g6 25.a4 c4 26.Bc2 Bc6 27.axb5 Bxb5 28.Ba4 Nc5 29.Bxb5+ axb5 30.Bxc5 Rxc5
31.Red1 Qc8 32.Nf1 Bg5 33.Ne3 Bxe3 34.Qxe3 O-O 35.h3 Qc7 36.Ra6 Rc8 37.Rad6 Kg7
38.Rd7 Qb8 39.Qf3 Rf8 40.Qg4 h5 41.Qg5 Rc6 42.Re7 Rc5 43.Rdd7 Qc8 44.Rd6 Rc6
45.Qxg6+ Kh8 46.Qh6+  1-0

[Event "Klatov Open A 2013"]
[Site "Klatovy CZE"]
[Date "2013.06.30"]
[Round "2.5"]
[White "Simek,P2"]
[Black "Simunek,F"]
[Result "1-0"]
[WhiteElo "2378"]
[BlackElo "2136"]

1.e4 c5 2.Nf3 Nc6 3.Bb5 g6 4.Bxc6 dxc6 5.d3 Bg7 6.h3 b6 7.O-O e5 8.a4 a5
9.Be3 Ne7 10.Na3 f6 11.Nc4 Be6 12.Nfd2 Nd5 13.exd5 cxd5 14.Na3 d4 15.Bf4 exf4
16.Re1 Kf7 17.Qf3 Re8 18.Ndc4 g5 19.Qc6 Bf8 20.Nb5 Bxc4 21.dxc4 Rc8 22.Qb7+ Kg6
23.Re4 Rb8 24.Qc6 Rc8 25.Qb7 Rb8 26.Qc6 Rc8 27.Rxe8 Qxe8 28.Qxb6 Qe4 29.Nc7 Qxc2
30.Nd5 Qf5 31.Re1 d3 32.Re6 Kg7 33.Qb7+ Kg6 34.Qxc8 d2 35.Qe8+ Kg7 36.Qd7+ Kg6
37.Rxf6+  1-0

[Event "4th ch-Vojvodina Int"]
[Site "Novi Sad SRB"]
[Date "2013.06.30"]
[Round "5.5"]
[White "Cabarkapa,N"]
[Black "Cabarkapa,S"]
[Result "1/2-1/2"]
[WhiteElo "2341"]
[BlackElo "2240"]

1.e4 c5 2.Nf3 Nc6 3.Bb5 Na5 4.O-O a6 5.Be2 Nc6 6.d4 cxd4 7.Nxd4 d6 8.Nc3 e5
9.Nb3 Nf6 10.Bg5 Be7 11.Bf3 O-O 12.Re1 Be6 13.Bxf6 Bxf6 14.Nd5 Bxd5 15.Qxd5 Qc7
16.c3 Rfd8 17.g3 b5 18.Nd2 Rac8 19.Nf1 b4 20.Qd3 bxc3 21.bxc3 Qa5 22.h4 Ne7
23.Rec1 d5 24.exd5 Nxd5 25.Bxd5 Rxd5 26.Qe4 Rdc5 27.c4 g6 28.Ne3 Bg7 29.g4 Qd8
30.g5 Qd4 31.Qxd4 exd4 32.Nd5 Kf8 33.Rab1 h6 34.Re1 hxg5 35.hxg5 d3 36.Kf1 d2
37.Red1 Re8 38.Rxd2 Rxc4 39.Rb6 Bd4 40.Rxa6 Re5 41.Ne3 Rc1+ 42.Kg2 Rxg5+
43.Kf3 Be5  1/2-1/2

[Event "Klatov Open A 2013"]
[Site "Klatovy CZE"]
[Date "2013.07.01"]
[Round "3.23"]
[White "Kuchar,Tomas"]
[Black "Hlavac,R"]
[Result "0-1"]
[WhiteElo "1792"]
[BlackElo "1997"]

1.e4 c5 2.Nf3 Nc6 3.Bb5 g6 4.Bxc6 dxc6 5.d3 Bg7 6.O-O e5 7.Nbd2 Bg4 8.h3 Bxf3
9.Nxf3 Qe7 10.Be3 Nf6 11.Nd2 Nh5 12.Nc4 O-O 13.a4 b6 14.a5 b5 15.Nd2 Rfd8
16.Qg4 Nf4 17.a6 Ne6 18.Nb3 Nd4 19.Nxd4 cxd4 20.Bd2 Rf8 21.f4 f5 22.Qe2 Qc5
23.Rac1 Rae8 24.Kh1 fxe4 25.dxe4 exf4 26.Rxf4 Qe5 27.Rxf8+ Bxf8 28.Qf2 Bd6
29.Qg1 Rf8 30.Re1 Rf2 31.Bb4 Bb8 32.Bc5 Rd2 33.b4 h5 34.Rf1 Kg7 35.Re1 Kh7
36.Rf1 h4 37.Rf7+ Kg8 38.Rf1 Kg7 39.Bf8+ Kg8 40.Bc5 Qg3 41.Rf3 Qe5 42.Rf1 Kg7
43.Bf8+ Kh7 44.Bc5 Kh6 45.Rf7 g5 46.Bf8+ Kg6 47.Rg7+ Kf6 48.Rd7 Qg3 49.Qf1+ Bf4
50.e5+ Kxe5 51.Bd6+ Ke6 52.Bxf4 gxf4 53.Rxa7 f3  0-1

[Event "47th Ilmar Raud Mem"]
[Site "Viljandi EST"]
[Date "2013.07.01"]
[Round "1.4"]
[White "Neiksans,A"]
[Black "Sirosh,Ilja"]
[Result "1-0"]
[WhiteElo "2554"]
[BlackElo "2033"]

1.e4 c5 2.Nf3 Nc6 3.Bb5 Nf6 4.Bxc6 dxc6 5.d3 g6 6.Nc3 Bg7 7.Be3 b6 8.h3 O-O
9.O-O e5 10.Qd2 Qd6 11.Bh6 Nh5 12.Ne2 f6 13.Bxg7 Nxg7 14.Nh2 Be6 15.f4 Rad8
16.Nf3 exf4 17.Qxf4 Qxf4 18.Nxf4 Bc8 19.Rae1 Ne6 20.Ne2 Kg7 21.Kh2 Rfe8 22.g4 Nd4
23.Nfxd4 cxd4 24.Rf2 Re5 25.Ref1 Rd6 26.Ng1 Re7 27.Nf3 h6 28.e5 fxe5 29.Nxe5 Rde6
30.Rf7+ Rxf7 31.Rxf7+ Kg8 32.Rc7 Rxe5 33.Rxc8+ Kf7 34.Rxc6 Re2+ 35.Kg1 Re1+
36.Kf2 Rh1 37.Kg2 Re1 38.a4 Re2+ 39.Kg1 Rd2 40.b4 Rd1+ 41.Kg2 h5 42.Rc7+ Kf6
43.gxh5 gxh5 44.Rxa7 Rb1 45.b5 Ke5 46.Rh7 Ra1 47.Rxh5+ Kd6 48.Rh6+ Kd5 49.Rxb6 Rxa4
50.Rf6 Ra2 51.Rf2 Kc5 52.h4 Ra8 53.Rf5+ Kb6 54.h5 Rc8 55.h6  1-0

[Event "2nd Arberopen 2013"]
[Site "Bayerisch Eisenstein GER"]
[Date "2013.07.02"]
[Round "4.5"]
[White "Jansa,Vl"]
[Black "Furman,Bo"]
[Result "1-0"]
[WhiteElo "2439"]
[BlackElo "2198"]

1.e4 c5 2.Nf3 Nc6 3.Bb5 g6 4.O-O Bg7 5.c3 Nf6 6.Re1 O-O 7.h3 Qb6 8.Na3 d5
9.e5 Ne8 10.d3 Nc7 11.Ba4 Qa6 12.d4 b5 13.Bc2 b4 14.cxb4 cxb4 15.Nb1 Qb6
16.Be3 Na5 17.b3 Nb5 18.Qd2 Nc6 19.a4 bxa3 20.Nxa3 Nxa3 21.Rxa3 Nb4 22.Bb1 Bf5
23.Bxf5 gxf5 24.Nh4 e6 25.Bh6 Bxh6 26.Qxh6 Qd8 27.Nf3 f6 28.Ra4 Nc6 29.Ra6 Rc8
30.exf6 Rxf6 31.Qg5+ Rg6 32.Qxd8+ Nxd8 33.Rxa7 Rg7 34.Rxg7+ Kxg7 35.b4 Rb8
36.Rb1 Nc6 37.b5 Kf6 38.Rc1 Na5 39.Rc7 Rxb5 40.Rxh7 Kg6 41.Rc7 f4 42.Rc2 Rb1+
43.Kh2 Nb3 44.Rc6 Kf5  1-0

[Event "TCh-MNE Prem 2013"]
[Site "Cetinje MNE"]
[Date "2013.07.02"]
[Round "9.6"]
[White "Draskovic,Da"]
[Black "Kontic,D"]
[Result "0-1"]
[WhiteElo "1893"]
[BlackElo "2337"]

1.e4 c5 2.Nf3 Nc6 3.Bb5 Qc7 4.O-O e6 5.Re1 Nf6 6.c3 a6 7.Bf1 Be7 8.d4 cxd4
9.cxd4 d5 10.e5 Ne4 11.Nbd2 f5 12.Nxe4 fxe4 13.Ng5 O-O 14.Be3 Bxg5 15.Bxg5 Qb6
16.Be3 Qxb2 17.Qb3 Qxb3 18.axb3 Bd7 19.Rec1 Rfc8 20.Be2 Kf7 21.Kf1 Nb4 22.Bd1 Bb5+
23.Kg1 Nd3 24.Rxc8 Rxc8 25.Be2 Rc2 26.Bxd3 exd3 27.h4 Rb2 28.Rc1 h5 29.Kh2 Kg6
30.Kh3 Rxb3 31.g4 Ba4 32.Rd1 Ra3 33.Rd2 Bc2 34.f4 hxg4+ 35.Kxg4 Ra1 36.h5+ Kf7
37.f5 Re1 38.Bf2 Rd1 39.Be3 Rh1 40.fxe6+ Kxe6 41.Kg5 a5 42.Rg2 a4 43.Bd2 a3
44.Bc3 a2 45.Kg6 d2+  0-1

[Event "4th AIMAG Men"]
[Site "Incheon KOR"]
[Date "2013.07.02"]
[Round "4.21"]
[White "Yee Soon Wei"]
[Black "Celis,J"]
[Result "1-0"]
[WhiteElo "2234"]
[BlackElo "1876"]

1.e4 c5 2.Nf3 Nc6 3.Bb5 g6 4.Bxc6 dxc6 5.h3 Bg7 6.d3 Nf6 7.O-O O-O 8.Nc3 Qc7
9.Be3 b6 10.Qd2 Rd8 11.b3 Bb7 12.Bh6 b5 13.Bxg7 Kxg7 14.Qe3 Qb6 15.Ne5 h5
16.f4 Nd7 17.Rab1 Rab8 18.Nxd7 Rxd7 19.f5 Ba6 20.Qf4 c4+ 21.Kh1 cxd3 22.fxg6 f6
23.e5 Qd4 24.exf6+ exf6 25.Qxb8 dxc2 26.Rbc1 b4 27.Rfe1 Qxc3 28.Qe8 Qd3 29.Rxc2 Qxc2
30.Qxd7+ Kxg6 31.Qe8+ Kg5 32.Qg8+ Qg6 33.h4+ Kf5 34.Qe6+ Kf4 35.Qe3+ Kg4
36.Qh3+ Kf4 37.Qf3+  1-0

[Event "Avoin SM 2013"]
[Site "Naantali FIN"]
[Date "2013.07.02"]
[Round "3.20"]
[White "Valkama,Arvo"]
[Black "Valkonen,Jouni"]
[Result "1-0"]
[WhiteElo "1414"]
[BlackElo "1740"]

1.e4 c5 2.Nf3 Nc6 3.Bb5 d6 4.Bxc6+ bxc6 5.O-O g6 6.Re1 Bg7 7.c3 e5 8.d4 cxd4
9.cxd4 exd4 10.Nxd4 Qb6 11.Nf3 Bxb2 12.Bxb2 Qxb2 13.Nbd2 Nf6 14.Nc4 Qb4 15.Nxd6+ Ke7
16.Nxc8+ Rhxc8 17.e5 Nd5 18.Qe2 Kf8 19.a3 Qe7 20.Qd2 Kg7 21.Qd4 f6 22.exf6+ Qxf6
23.Qc5 Rc7 24.Rad1 Qc3 25.Qd6 Rac8 26.Nd4 Qa5 27.Ne6+ Kg8 28.Nxc7 Qxc7 29.Qxc7 Rxc7
30.Rc1 c5 31.Re5  1-0

[Event "41st TCh-GRE"]
[Site "Rio (Achaia) GRE"]
[Date "2013.07.02"]
[Round "1.1"]
[White "Maier,C"]
[Black "Klokas,K"]
[Result "1-0"]
[WhiteElo "2360"]
[BlackElo "2132"]

1.e4 c5 2.Nf3 Nc6 3.Bb5 Nf6 4.Nc3 Nd4 5.e5 Nxb5 6.Nxb5 Nd5 7.O-O a6 8.c4 Nb6
9.Nc3 Nxc4 10.d4 e6 11.b3 cxd4 12.Qxd4 Na5 13.Bg5 Nc6 14.Qf4 Qa5 15.Ne4 h6
16.Bh4 g5 17.Qf6 Rg8 18.Bg3 Qb4 19.Nfd2 Bg7 20.Qf3 Nxe5 21.Nf6+ Bxf6 22.Qxf6 Ng4
23.Qb2 h5 24.Nc4 d5 25.Nd6+ Kf8 26.Rac1 h4 27.Rc7 Rg7 28.Rxf7+ Rxf7 29.Qh8+  1-0

[Event "IsBank TCh-TUR 2013"]
[Site "Denizli TUR"]
[Date "2013.07.03"]
[Round "5.4"]
[White "Soylu,S"]
[Black "Mollov,E"]
[Result "1/2-1/2"]
[WhiteElo "2408"]
[BlackElo "2383"]

1.e4 c5 2.Nf3 Nc6 3.Bb5 g6 4.O-O Bg7 5.c3 Nf6 6.Re1 O-O 7.h3 Qc7 8.Na3 a6
9.Qa4 Na5 10.Bf1 b5 11.Qd1 Bb7 12.d3 e5 13.Bg5 d5 14.Nd2 h6 15.Bxf6 Bxf6
16.Qf3 Bg5 17.Rad1 dxe4 18.dxe4 Rad8 19.Qe2 c4 20.Nf3 Be7 21.Nc2 Bc5 22.Nb4 Kg7
23.Nd5 Bxd5 24.exd5 Rfe8 25.Qc2 Nb7 26.b3 cxb3  1/2-1/2

[Event "4th AIMAG Men"]
[Site "Incheon KOR"]
[Date "2013.07.03"]
[Round "6.16"]
[White "Al Zendani,Z"]
[Black "Lee Sanghoon"]
[Result "1-0"]
[WhiteElo "2360"]
[BlackElo "2153"]

1.e4 c5 2.Nf3 Nc6 3.Bb5 e6 4.Bxc6 bxc6 5.O-O d6 6.c3 Ne7 7.d4 cxd4 8.cxd4 Ng6
9.Qc2 Bd7 10.e5 d5 11.Bg5 Qb6 12.Nc3 Rb8 13.Na4 Qb5 14.b3 h6 15.Be3 Be7 16.Ne1 O-O
17.Nd3 Nh4 18.Nac5 Bc8 19.f4 Nf5 20.Bf2 h5 21.Rac1 g6 22.g3 Kg7 23.Rfe1 Rd8
24.h3 Rh8 25.Kg2 Qa5 26.g4 hxg4 27.hxg4 Nh4+ 28.Bxh4 Rxh4 29.Rh1 Rxh1 30.Rxh1 Ba6
31.f5 exf5 32.gxf5 gxf5 33.Kf3 Rg8 34.Rg1+ Kf8 35.Nd7+ Ke8 36.Qxc6  1-0

[Event "Klatov Open A 2013"]
[Site "Klatovy CZE"]
[Date "2013.07.03"]
[Round "5.12"]
[White "Wolf,Wa"]
[Black "Kucera,M"]
[Result "1-0"]
[WhiteElo "2252"]
[BlackElo "1945"]

1.e4 c5 2.Nf3 Nc6 3.Bb5 g6 4.c3 d5 5.exd5 Qxd5 6.O-O Bg7 7.a4 Nf6 8.d4 O-O
9.dxc5 Qxc5 10.Be3 Qh5 11.Be2 Qa5 12.Nbd2 Rd8 13.Qc1 Bf5 14.Nb3 Qc7 15.Nbd4 Nxd4
16.Nxd4 Ng4 17.Bf4 e5 18.Nxf5 gxf5 19.Bg3 Qe7 20.h3 Nh6 21.f3 Qf6 22.Bf2 f4
23.Qc2 Qg6 24.Qxg6 hxg6 25.Rfd1 b6 26.a5 Rxd1+ 27.Bxd1 bxa5 28.Rxa5 Rb8 29.b4 e4
30.Be1 Rd8 31.Be2 exf3 32.Bxf3 Rc8 33.Rxa7 Bxc3 34.Bxc3 Rxc3 35.b5 Nf5 36.Bd5 Rc1+
37.Kf2 Rb1 38.Bxf7+ Kf8 39.Bxg6 Rb2+ 40.Ke1 Nh4 41.Be4 Rxb5 42.Rh7 Re5 43.Rxh4 Rxe4+
44.Kf2 Kg7 45.Kf3 Re1 46.Rxf4 Kh6 47.Kg4 Rg1 48.g3 Kg6 49.Ra4 Rg2 50.Ra6+ Kf7
51.h4 Rb2 52.Ra5 Rg2 53.h5 Kg7 54.Kh4 Rb2 55.g4 Rb4 56.Kg5 Rb6 57.h6+ Kh7
58.Ra7+ Kh8 59.Kh5 Rc6 60.g5 Rc5 61.Rf7 Ra5  1-0

[Event "Klatov Open A 2013"]
[Site "Klatovy CZE"]
[Date "2013.07.03"]
[Round "5.25"]
[White "Hajek,Ji3"]
[Black "Svec,L"]
[Result "0-1"]
[WhiteElo "1877"]
[BlackElo "1767"]

1.e4 c5 2.Nf3 Nc6 3.Bb5 Qc7 4.O-O e5 5.c3 Nge7 6.d4 cxd4 7.cxd4 exd4 8.Nxd4 Qe5
9.Bxc6 dxc6 10.Nc3 g6 11.Be3 Bg7 12.f4 Qa5 13.Qc2 O-O 14.f5 gxf5 15.Nxf5 Nxf5
16.exf5 Re8 17.Rae1 Rxe3 18.Rxe3 Bd4 19.Qe4 Bxe3+ 20.Qxe3 Qb6 21.Qxb6 axb6
22.f6 h6 23.Rf3 Be6 24.Rg3+ Kh8 25.a3 Rd8 26.Na4 Ra8 27.Nc3 Ra5 28.Ne4 Rd5
29.Rf3 c5 30.Kf2 Rd4 31.Ke3 Bd5  0-1

[Event "41st TCh-GRE"]
[Site "Rio (Achaia) GRE"]
[Date "2013.07.03"]
[Round "2.1"]
[White "Navara,D"]
[Black "Papadopoulos,I"]
[Result "1-0"]
[WhiteElo "2715"]
[BlackElo "2415"]

1.e4 c5 2.Nf3 Nc6 3.Bb5 d6 4.O-O Bd7 5.Re1 Nf6 6.c3 a6 7.Bf1 Bg4 8.h3 Bh5
9.g4 Bg6 10.d4 e5 11.d5 Nb8 12.Nh4 Be7 13.Nd2 O-O 14.a4 Ne8 15.Ng2 Nd7 16.Nc4 Bg5
17.Bxg5 Qxg5 18.h4  1-0

[Event "41st TCh-GRE"]
[Site "Rio (Achaia) GRE"]
[Date "2013.07.03"]
[Round "3.9"]
[White "Kalogridakis,Theodoros"]
[Black "Papadopoulos,Geo4"]
[Result "0-1"]
[WhiteElo "1728"]
[BlackElo "1826"]

1.e4 c5 2.Nf3 Nc6 3.Bb5 d6 4.Bxc6+ bxc6 5.O-O e5 6.Re1 f5 7.d3 Be7 8.c3 fxe4
9.dxe4 Ba6 10.Nbd2 Nh6 11.Nf1 Nf7 12.Ng3 O-O 13.Qc2 Bf6 14.Be3 Bc8 15.h3 Qe7
16.Rad1 Be6 17.c4 Rfb8 18.Rd2 g6 19.Red1 Qb7 20.Rb1 Qb4 21.b3 Bxc4 22.Rc1 Be6
23.h4 a5 24.Rxd6 Nxd6 25.Bxc5 Qb5 26.Bxd6 Rc8 27.h5 a4 28.b4 Ra6 29.hxg6 hxg6
30.Bc5 Rd8 31.Rd1 Raa8 32.Rxd8+ Rxd8 33.Qc1 Kg7  0-1

[Event "41st TCh-GRE"]
[Site "Rio (Achaia) GRE"]
[Date "2013.07.03"]
[Round "3.10"]
[White "Petrakis,Stylianos"]
[Black "Alexakis,Georgios"]
[Result "0-1"]
[WhiteElo "1552"]
[BlackElo "1706"]

1.e4 c5 2.Nf3 Nc6 3.Bb5 d6 4.O-O g6 5.Re1 Bg7 6.c3 a6 7.Bf1 Nf6 8.d3 O-O
9.Nbd2 b5 10.a4 Rb8 11.axb5 axb5 12.c4 b4 13.Nb3 e5 14.h3 Ne8 15.Bg5 f6 16.Bd2 Nc7
17.Qc2 Ne6 18.Ra2 Bb7 19.Rea1 f5 20.exf5 gxf5 21.Be2 Kh8 22.Qc1 Rg8 23.Bg5 Bf6
24.Bxf6+ Qxf6 25.Bf1 e4 26.dxe4 fxe4 27.Nh2 Ne5 28.Qe3 Nf4 29.Nd2 Qf5 30.Kh1 Ned3
31.Ng4 h5 32.Nh6 Qf6 33.Nxg8 Rxg8 34.Ra7 Nxh3 35.gxh3 Nxf2+ 36.Qxf2 Qxf2  0-1

[Event "41st TCh-GRE"]
[Site "Rio (Achaia) GRE"]
[Date "2013.07.03"]
[Round "3.3"]
[White "Panagiotakopoulos,G"]
[Black "Pavlidis,Ant"]
[Result "0-1"]
[WhiteElo "2210"]
[BlackElo "2473"]

1.e4 c5 2.Nf3 Nc6 3.Bb5 Nf6 4.Nc3 Qc7 5.O-O a6 6.Bxc6 dxc6 7.h3 e5 8.d3 h6
9.a4 g5 10.Nd2 Be6 11.Nc4 O-O-O 12.Qe2 Be7 13.a5 Nd7 14.Be3 g4 15.hxg4 Rdg8
16.Nb6+ Kb8 17.f3 h5 18.g5 Bxg5 19.Nxd7+ Qxd7 20.f4 Bxf4 21.Rxf4 exf4 22.Bxf4+ Kc8
23.Na4 Qe7 24.Rf1 Rg6 25.Qe3 Rhg8 26.Rf2 Kd8 27.Nxc5 Bh3 28.Nxb7+ Qxb7 29.Qxh3 Qxb2
30.Qf5 Qd4 31.g3 h4 32.Kg2 hxg3 33.Rf3 Qc3 34.Bxg3 Qxc2+ 35.Kh1 Qc1+ 36.Kh2 Qd2+
37.Kh1 Rh6+ 38.Kg1 Rxg3+ 39.Rxg3 Qh2+  0-1

[Event "41st TCh-GRE"]
[Site "Rio (Achaia) GRE"]
[Date "2013.07.03"]
[Round "3.8"]
[White "Skoulakis,C"]
[Black "Kosmas Lekkas,D"]
[Result "1/2-1/2"]
[WhiteElo "2023"]
[BlackElo "2160"]

1.e4 c5 2.Nf3 Nc6 3.Bb5 Nf6 4.Nc3 g6 5.e5 Ng4 6.Bxc6 dxc6 7.h3 Nh6 8.g4 Bg7
9.d3 f5 10.g5 Nf7 11.Qe2 Be6 12.Bf4 Qb6 13.O-O-O O-O-O 14.h4 Qa6 15.Qe3 b6
16.Kb1 Rd7 17.h5 Rg8 18.hxg6 hxg6 19.Rh7 Nd8 20.d4 cxd4 21.Nxd4 Qb7 22.Rhh1 c5
23.Nxe6 Rxd1+ 24.Rxd1 Nxe6 25.Bg3 Rd8 26.Rxd8+ Nxd8 27.a3 Qh1+ 28.Ka2 Nc6
29.f4 Nd4 30.Qd3 Qg2 31.Qc4 e6 32.Nb5 Qxc2 33.Qxc2 Nxc2 34.Bf2 Bf8 35.Nxa7+ Kb7
36.Nb5 Kc6 37.Nc3 Nd4 38.Kb1 Nb5 39.Na4  1/2-1/2